[Event "Ostrava op"]
[Site "Ostrava"]
[Date "2010.05.09"]
[Round "9"]
[White "Kredl, Karel"]
[Black "Stracanek, Vladimir"]
[Result "1-0"]
[WhiteElo "2090"]
[BlackElo "1930"]
[PlyCount "109"]
[EventDate "2010.05.01"]
[EventType "swiss"]
[EventRounds "9"]
[EventCountry "CZE"]
[SourceTitle "EXT 2011"]
[Source "ChessBase"]
[SourceDate "2010.11.26"]
[SourceVersion "1"]
[SourceVersionDate "2010.11.26"]
[SourceQuality "1"]

1. d4 d5 2. c4 e6 3. Nc3 Nf6 4. Bg5 c6 5. e3 Nbd7 6. Nf3 Qa5 7. Nd2 Bb4 8. Qc2 Bxc3 9. bxc3 0-0 10. Be2 Ne4 11. Be7 Re8 12. Bb4 Qc7 13. Nxe4 dxe4 14. Qxe4 b6 15. 0-0 Bb7 16. Qh4 c5 17. Ba3 Nf6 18. Rfd1 Rad8 19. Bb2 Be4 20. f3 Bg6 21. e4 h6 22. a4 a5 23. Qf2 Nd7 24. Bc1 e5 25. Be3 f5 26. exf5 Bxf5 27. Qg3 Kh7 28. Ra2 Qc6 29. d5 Qf6 30. Ra3 g5 31. Qf2 Rf8 32. Rf1 Qg6 33. h4 g4 34. Qg3 gxf3 35. Qxg6+ Bxg6 36. Rxf3 Be4 37. Rxf8 Rxf8 38. Ra1 Rg8 39. g4 Rf8 40. g5 hxg5 41. hxg5 Kg6 42. Bg4 Bf5 43. Be2 Be4 44. Kh2 Rh8+ 45. Kg3 Bf5 46. Rf1 Rh3+ 47. Kf2 Rh2+ 48. Ke1 Bc2 49. Bg4 Bxa4 50. Bxd7 Bxd7 51. Rf6+ Kg7 52. Rxb6 Bg4 53. Bxc5 e4 54. Bd4+ Kg8 55. g6 1-0

[Event "Ostrava op"]
[Site "Ostrava"]
[Date "2010.05.02"]
[Round "2"]
[White "Stracanek, Vladimir"]
[Black "Karhanek, Pavel"]
[Result "0-1"]
[WhiteElo "1930"]
[BlackElo "2190"]
[PlyCount "86"]
[EventDate "2010.05.01"]
[EventType "swiss"]
[EventRounds "9"]
[EventCountry "CZE"]
[SourceTitle "EXT 2011"]
[Source "ChessBase"]
[SourceDate "2010.11.26"]
[SourceVersion "1"]
[SourceVersionDate "2010.11.26"]
[SourceQuality "1"]

1. e4 g6 2. d4 Bg7 3. c3 c6 4. Nf3 d5 5. e5 Bg4 6. h3 Bxf3 7. Qxf3 e6 8. Bd3 Ne7 9. Nd2 c5 10. 0-0 Nbc6 11. Bb5 cxd4 12. cxd4 Qb6 13. Qd3 0-0 14. Bxc6 Nxc6 15. Nf3 Rfc8 16. Bd2 Bf8 17. b3 Ba3 18. Rab1 a5 19. Qe3 Qd8 20. Qf4 Qf8 21. Qh4 Be7 22. Qg4 Nb4 23. a3 Na2 24. a4 Rc2 25. Bg5 Bxg5 26. Qxg5 Nc3 27. Ne1 Ra2 28. Nd3 Nxb1 29. Rxb1 Qd8 30. Qg4 Rc8 31. Nf4 Kf8 32. Rd1 Rcc2 33. Qf3 Qc8 34. Nd3 Qd8 35. Nc5 Qe7 36. Rf1 b6 37. Nd3 Rc3 38. Rb1 Rd2 39. Qf4 Rcxd3 40. Kh2 Rxd4 41. Qh6+ Kg8 42. Rc1 Qd8 43. f3 Re2 0-1

[Event "Ostrava op"]
[Site "Ostrava"]
[Date "2009.05.09"]
[Round "8"]
[White "Stracanek, Vladimir"]
[Black "Pektor, Vitezslav"]
[Result "1/2-1/2"]
[WhiteElo "1945"]
[BlackElo "1720"]
[PlyCount "55"]
[EventDate "2009.05.02"]
[EventType "swiss"]
[EventRounds "9"]
[EventCountry "CZE"]
[SourceTitle "EXT 2011"]
[Source "ChessBase"]
[SourceDate "2010.11.26"]
[SourceVersion "1"]
[SourceVersionDate "2010.11.26"]
[SourceQuality "1"]

1. e4 c5 2. c3 Nf6 3. e5 Nd5 4. a3 Nc6 5. Nf3 Qc7 6. d4 cxd4 7. cxd4 d6 8. Bc4 Nb6 9. Qc2 e6 10. Bb3 Bd7 11. 0-0 Rc8 12. Bf4 dxe5 13. dxe5 Be7 14. Nc3 Na5 15. Ba2 0-0 16. Rac1 Rfe8 17. Bb1 g6 18. Rfe1 a6 19. h4 Qc4 20. Re4 Qb3 21. Qe2 Bb5 22. Nxb5 Rxc1+ 23. Bxc1 Qxb5 24. Qxb5 axb5 25. g3 Rc8 26. Re1 Nac4 27. Ba2 Bc5 28. Bxc4 1/2-1/2

[Event "Moravia-Silesia Region-chT 0708"]
[Site "Czech Republic"]
[Date "2008.03.09"]
[Round "9.7"]
[White "Stracanek, Vladimir"]
[Black "Juroszek, Radomil"]
[Result "1/2-1/2"]
[WhiteElo "1924"]
[BlackElo "1999"]
[PlyCount "84"]
[EventDate "2007.10.28"]
[EventType "team-tourn"]
[EventRounds "11"]
[EventCountry "CZE"]
[SourceTitle "EXT 2024"]
[Source "ChessBase"]
[SourceDate "2023.10.10"]
[SourceVersion "1"]
[SourceVersionDate "2023.10.10"]
[SourceQuality "1"]

1. e4 e6 2. d4 d5 3. e5 c5 4. c3 Nc6 5. Nf3 Qb6 6. Bd3 cxd4 7. cxd4 Bd7 8. Bc2 Nb4 9. 0-0 Nxc2 10. Qxc2 Rc8 11. Nc3 Ne7 12. Qd3 Nc6 13. a3 Be7 14. b4 0-0 15. Bd2 f6 16. Na4 Qd8 17. exf6 Bxf6 18. Nc5 b6 19. Nxd7 Qxd7 20. Rfe1 Rfe8 21. Bf4 g6 22. Qe3 Qg7 23. Rad1 Qd7 24. Bg3 Qg7 25. h3 Qe7 26. Qf4 Nd8 27. Rc1 Nf7 28. Bh2 Bg7 29. Rxc8 Rxc8 30. Qe3 Nd8 31. g4 Rc2 32. Bg3 Bf6 33. Rc1 Rxc1+ 34. Qxc1 Nf7 35. Qc8+ Kg7 36. h4 h6 37. Kg2 Kh7 38. Qc2 Qe8 39. Qd3 Kg7 40. Qe3 Qe7 41. Qd3 Qe8 42. Qe3 Qe7 1/2-1/2

[Event "Ostrava SME op-B"]
[Site "Ostrava"]
[Date "2005.05.08"]
[Round "9"]
[White "Stracanek, Vladimir"]
[Black "Simcik, Jan"]
[Result "1-0"]
[WhiteElo "1945"]
[BlackElo "1630"]
[PlyCount "85"]
[EventDate "2005.04.30"]
[EventType "swiss"]
[EventRounds "9"]
[EventCountry "CZE"]
[SourceTitle "EXT 2007"]
[Source "ChessBase"]
[SourceDate "2006.11.23"]
[SourceVersion "1"]
[SourceVersionDate "2006.11.23"]
[SourceQuality "1"]

1. e4 g6 2. d4 Bg7 3. f4 d6 4. Nf3 Bg4 5. c3 Nf6 6. h3 Bxf3 7. Qxf3 d5 8. e5 Ne4 9. Nd2 f5 10. Nxe4 dxe4 11. Qf2 e6 12. Bc4 Qd7 13. Be3 c6 14. g4 b5 15. Bb3 Na6 16. Rg1 Nc7 17. Qg3 Nd5 18. gxf5 exf5 19. h4 Qe6 20. h5 Kf7 21. c4 bxc4 22. Bxc4 Rhg8 23. Qh3 Bf8 24. 0-0-0 Rb8 25. Rg3 Rb4 26. Bb3 Bh6 27. Rh1 Rxb3 28. axb3 Nxf4 29. hxg6+ Rxg6 30. Rxg6 Nxh3 31. Rxh6 Qxb3 32. Rxh7+ Ke6 33. R7xh3 Qa2 34. Rh6+ Kd5 35. Rd6+ Kc4 36. Rxc6+ Kb3 37. Rc3+ Kb4 38. Rh7 Qa1+ 39. Kc2 Qa4+ 40. Kd2 Qa5 41. Rb7+ Ka4 42. Rxa7 f4 43. Rxa5+ 1-0

[Event "Ostrava SME op-B"]
[Site "Ostrava"]
[Date "2005.05.03"]
[Round "4"]
[White "Blecha, Zdenek"]
[Black "Stracanek, Vladimir"]
[Result "1/2-1/2"]
[WhiteElo "1905"]
[BlackElo "1920"]
[PlyCount "51"]
[EventDate "2005.04.30"]
[EventType "swiss"]
[EventRounds "9"]
[EventCountry "CZE"]
[SourceTitle "EXT 2007"]
[Source "ChessBase"]
[SourceDate "2006.11.23"]
[SourceVersion "1"]
[SourceVersionDate "2006.11.23"]
[SourceQuality "1"]

1. e4 e5 2. Nf3 Nc6 3. d4 exd4 4. Nxd4 Bc5 5. Nxc6 Qf6 6. f3 Qxc6 7. Nc3 Ne7 8. a3 a6 9. Bd3 0-0 10. Qe2 Re8 11. Be3 d6 12. 0-0 Bd7 13. Nd1 Ng6 14. Bxc5 Qxc5+ 15. Qf2 Qxf2+ 16. Nxf2 Nf4 17. Rfd1 Rad8 18. g3 Nxd3 19. Nxd3 f5 20. exf5 Bxf5 21. Kf2 Re7 22. Re1 Rde8 23. Rxe7 Rxe7 24. Re1 Rxe1 25. Nxe1 Kf7 26. Ke3 1/2-1/2

[Event "Ostrava SME op-B"]
[Site "Ostrava"]
[Date "2005.04.30"]
[Round "1"]
[White "Stracanek, Vladimir"]
[Black "Balogh, Milan"]
[Result "1-0"]
[WhiteElo "1920"]
[BlackElo "1640"]
[PlyCount "95"]
[EventDate "2005.04.30"]
[EventType "swiss"]
[EventRounds "9"]
[EventCountry "CZE"]
[SourceTitle "EXT 2007"]
[Source "ChessBase"]
[SourceDate "2006.11.23"]
[SourceVersion "1"]
[SourceVersionDate "2006.11.23"]
[SourceQuality "1"]

1. e4 e5 2. Nf3 Nc6 3. Bc4 Be7 4. 0-0 Nf6 5. Re1 0-0 6. d3 h6 7. Nbd2 Bc5 8. h3 Re8 9. Nf1 a6 10. a3 d5 11. exd5 Nxd5 12. Ng3 b5 13. Ba2 f6 14. c4 bxc4 15. Qc2 Nd4 16. Nxd4 Bxd4 17. dxc4 Nb6 18. Qg6 Be6 19. Bxh6 Qd7 20. Nh5 Qe7 21. Qxg7+ Qxg7 22. Nxg7 Bxc4 23. Nxe8 Rxe8 24. Bxc4+ Nxc4 25. Rac1 Nxb2 26. Rxc7 Nd3 27. Re2 Rb8 28. g3 Rb1+ 29. Kg2 Ne1+ 30. Rxe1 Rxe1 31. Rc2 Ra1 32. Bc1 Kf7 33. f3 Ke6 34. Kf1 Bb2 35. Rxb2 Rxc1+ 36. Kg2 a5 37. g4 Ra1 38. Rb6+ Kf7 39. Rb3 a4 40. Rc3 Kg6 41. Kg3 Rg1+ 42. Kf2 Ra1 43. h4 Ra2+ 44. Ke3 Ra1 45. Kd3 Rh1 46. Rc4 Rxh4 47. Rxa4 f5 48. gxf5+ 1-0